000 01543nam0a2200349 4500
001 RU\NLR\BIBL_A\022095556
005 20240116165601.0
010 _a978-5-378-34378-2
_93000
021 _aRU
_bКН-П-23-071798
_9КН-П-23-7272
035 _a(NLR Aleph) 022095556
090 _a12730061
_c12730061
100 _a20231213d2023 c y0rusy50 ca
101 0 _arus
102 _aRU
105 _aa|||f|||000yy
181 0 _ai2
_baxxe
181 0 _ab2
_bxb2e
182 0 _an
200 1 _aДинозавры
_e[энциклопедия
_eдля чтения взрослыми детям
_fавторы текстов: Александра Скворцова и Леонид Свеженец
_gглавный редактор: Александра Скворцова]
203 _aТекст
_aИзображение
_bвизуальные
_cнепосредственные
210 _aРостов-на-Дону
_cПроф-Пресс
_d2023
215 _a47 с.
_cцв. ил.
_d20
225 1 _aЭнциклопедия для маленьких почемучек
333 _a0+; 6-
606 1 _aДинозавры
_jЭнциклопедии для детей
_91108929
_3RU\NLR\AUTH\66118041
686 0 _aШ9
_bЕ1
702 1 _4220
_7ca
_8rus
_aСкворцова
_bА. С.
_cредактор изд-ва
_f1993-
_gАлександра Сергеевна
_9209212
_3RU\NLR\AUTH\770209266
942 _cBOOK
980 _aNB